Music Quiz

Random Music or Song Quiz

UK Christmas Number 1 Singles Quiz Stats

 Plays Quiz not verified by Sporcle

Support Sporcle.
Go Orange.
Score 0/31 Timer 05:00
0 Plays Today
% Correct
2000
62.7%
2004
61.2%
1998
60.6%
1991
60.1%
1994
59.9%
1996
59.3%
1997
58.6%
1995
58.4%
1993
57.1%
1999
56.4%
1992
55.1%
2009
55.1%
1985
54.5%
2006
53.2%
2008
52.9%
2015
52.7%
% Correct
2002
52.5%
1987
51.6%
2001
51.6%
1986
51.4%
2005
50.5%
2013
50.3%
2003
50.1%
2010
49.2%
1988
48.8%
2014
47.9%
1989
46.4%
1990
43.6%
2007
43.4%
2012
33.3%
2011
23.5%

You're not logged in!

Compare scores with friends on all Sporcle quizzes.
OR
Log In

From the Vault

10 Closest Capitals to Madrid

by RobPro

These capitals are not only close to Madrid, but also to really good paella.
Remove Ads.
Support Sporcle.
Get the best of Sporcle when you Go Orange. This ad-free experience offers more features, more stats, and more fun while also helping to support Sporcle. Thank you for becoming a member.

Show Comments

Extras

Top Quizzes Today


Score Distribution

Your Account Isn't Verified!

In order to create a playlist on Sporcle, you need to verify the email address you used during registration. Go to your Sporcle Settings to finish the process.

Report this User

Report this user for behavior that violates our Community Guidelines.

Details: